000 00256nam a2200097Ia 4500
001 1200263
005 20250827022609.0
008 250824s9999 xx 000 0 und d
245 0 _a BAHARAT KOKULU HAYATLAR
_cERICA BAUERMEİSTER
260 _bMARTI YAYINCILIK
999 _c1200263
_d1200263